|
|
|
|
| LEADER |
00000nab a2200000 a 4500 |
| 001 |
vtls000920984 |
| 003 |
SK-MaSNL |
| 005 |
20260426035503.0 |
| 008 |
040720e19930000xo 0 slo |
| 035 |
|
|
|a KE29861
|
| 040 |
|
|
|a KEVKJB
|b slo
|c KEVKJB
|e AACR2
|
| 041 |
0 |
|
|a slo
|
| 044 |
|
|
|a xo
|c SK
|
| 080 |
|
|
|a 784.5
|2 1981
|
| 100 |
0 |
|
|a J.F.
|4 aut
|9 441688
|
| 245 |
1 |
0 |
|a Koncert v Jasovskej jaskyni
|
| 610 |
2 |
7 |
|a Košický detský spevácky zbor (Košice, Slovensko)
|2 KEVKJB
|9 881998
|
| 650 |
0 |
7 |
|a hudobné koncerty
|2 KEVKJB
|9 60029
|
| 650 |
0 |
7 |
|a koncerty
|2 KEVKJB
|9 19182
|
| 650 |
0 |
7 |
|a informácie
|2 KEVKJB
|9 1285
|
| 651 |
|
7 |
|a Jasovská jaskyňa (Slovensko)
|2 KEVKJB
|9 160796
|
| 651 |
|
7 |
|a KS,
|2 KEVKJB
|9 880381
|
| 655 |
|
7 |
|a periodikum
|2 snkbucl
|9 29553
|
| 710 |
2 |
|
|a Košický detský a mládežnícky spevácky zbor
|4 aut
|9 1018586
|
| 773 |
0 |
8 |
|t Údolie Bodvy - Bódvavölgye
|g Roč. 2, č.3 (1993), s. 7
|
| 852 |
|
|
|a ZVYKNI
|b KIS3GCP
|
| 999 |
|
|
|c 1671920
|d 1673850
|